[Event "47th GRE-chT 2019"]
[Site "Patra"]
[Date "2019.07.03"]
[Round "3.25"]
[White "Salahidou, Reveka"]
[Black "Szczepkowska, Karina"]
[Result "0-1"]
[WhiteElo "1971"]
[BlackElo "2425"]
[Annotator "TA"]
[PlyCount "62"]
[EventDate "2019.07.02"]
[EventCountry "GRE"]
[SourceTitle "playchess.com"]
[Source "ChessBase"]
[SourceQuality "1"]

{[%evp 16,78,31,25,36,35,47,49,65,35,47,37,57,30,38,20,31,9,45,25,41,29,47,-11,67,0,29,-18,-27,-22,-5,-20,2,-20,-18,-36,-48,-89,-66,-89,-63,-117,-118,-106,-116,-366,-375,-361,-325,-325,-305,-318,-306,-281,-275,-257,-136,-166,-150,-225,-224,-225,-215,-821,-818]} 1. e4 e5 2. Nf3 Nc6 3. Bb5 a6 4. Ba4 d6 5. c3 Bd7 6. O-O g6 7. h3 Bg7 8. d4 Nf6 9. Bc2 O-O {C60: Ruy Lopez: Unusual Black 3rd moves and 3...g6} 10. Re1 h6 (10... Re8 11. Nbd2 b6 12. Nf1 h6 13. Ng3 Qe7 14. Be3 Qf8 15. Qd2 Rad8 16. Rad1 Na7 {0-1 (42) Hou,Y (2652)-Caruana,F (2802) chess.com INT 2017}) 11. Nbd2 Nh5 {[%cal Re5d4] White is slightly better.} 12. Nc4 $146 ({Predecessor:} 12. Nf1 Re8 13. Be3 Qf6 14. N1h2 Kh7 15. Qd2 Qe7 16. Rad1 Rad8 {1-0 (65) Grandelius,N (2668)-Aabling Thomsen,J (2379) Helsingor 2018}) 12... b5 13. Ne3 Rb8 14. a4 b4 15. Nc4 bxc3 16. bxc3 exd4 17. cxd4 Nb4 18. Bb3 Qc8 19. Kh2 (19. Rb1 $14) 19... Nf6 ({Black should play} 19... Re8 $11) 20. e5 Nfd5 $1 21. Be3 Be6 22. Rc1 Qd7 23. a5 Kh7 24. Ba4 Qd8 25. Qd2 Bf5 26. Red1 Nd3 27. Ra1 Rb4 28. Bc2 ({White should try} 28. Bc6 $1 $15 dxe5 29. Bxd5 Qxd5 30. Ncxe5) 28... Nb2 $17 29. Nxb2 Rxb2 30. Rdc1 $2 (30. Rac1 $17 {was called for.}) 30... dxe5 $19 31. Rab1 Rxc2 {Played: Rb2-a2} 0-1

[Event "47th GRE-chT 2019"]
[Site "Patra"]
[Date "2019.07.03"]
[Round "3.26"]
[White "Louka, Magdalini"]
[Black "Stratigi, Evangelia"]
[Result "0-1"]
[WhiteElo "1766"]
[BlackElo "1624"]
[Annotator "NA"]
[PlyCount "52"]
[EventDate "2019.07.02"]
[EventCountry "GRE"]
[SourceTitle "playchess.com"]
[Source "ChessBase"]
[SourceQuality "1"]
[TimeControl "5400+30"]

1. e4 {[%emt 0:00:00]} c5 {[%emt 0:00:00]} 2. Nf3 {[%emt 0:00:10]} e6 {[%emt 0:00:00]} 3. d4 {[%emt 0:00:21]} cxd4 {[%emt 0:00:00]} 4. Nxd4 {[%emt 0:00:17]} Nc6 {[%emt 0:00:16]} 5. Nc3 {[%emt 0:00:53]} Qc7 {[%emt 0:00:40]} 6. Be3 {[%emt 0:00:26]} a6 {[%emt 0:00:50]} 7. Qd2 {[%emt 0:04:56]} Nf6 {[%emt 0:02:15]} 8. f4 {[%emt 0:05:16]} b5 {[%emt 0:04:35]} 9. e5 {[%emt 0:02:03]} Ng4 {[%emt 0:00:20]} 10. Bg1 {[%emt 0:11:24]} Bb4 {[%emt 0:02:48]} 11. O-O-O {[%emt 0:04:09]} O-O {[%emt 0:03:03]} 12. h3 {[%emt 0:00:22]} Nh6 {[%emt 0:00:58]} 13. a3 {[%emt 0:06:22]} Be7 {[%emt 0:06:06]} 14. Be3 {[%emt 0:06:25]} Nxd4 {[%emt 0:00:39]} 15. Bxd4 {[%emt 0:01:16]} Nf5 {[%emt 0:02:59]} 16. Bf2 {[%emt 0:07:06]} b4 {[%emt 0:10:46]} 17. axb4 {[%emt 0:00:16]} Bxb4 {[%emt 0:06:44]} 18. g4 {[%emt 0:02:16]} Ne7 {[%emt 0:01:03]} 19. Bg2 {[%emt 0:03:53]} Rb8 {[%emt 0:08:27]} 20. Qd3 {[%emt 0:09:10]} Rd8 {[%emt 0:10:15]} 21. Ne4 {[%emt 0:06:25]} Qa5 {[%emt 0:01:52]} 22. Kb1 {[%emt 0:02:54]} Nd5 {[%emt 0:09:09]} 23. Be3 {[%emt 0:09:34]} Bb7 {[%emt 0:04:14]} 24. Rhg1 {[%emt 0:03:43]} Bc6 {[%emt 0:03:05]} 25. Bd2 {[%emt 0:02:18]} Bxd2 {[%emt 0:00:21]} 26. Qxd2 {[%emt 0:01:10]} Rxb2+ {[%emt 0:01:00]} 0-1

[Event "47th GRE-chT 2019"]
[Site "Patra"]
[Date "2019.07.03"]
[Round "3.27"]
[White "Kaliontzaki, Argyro Evanthia"]
[Black "Kouta, Antonia"]
[Result "0-1"]
[WhiteElo "1324"]
[BlackElo "1762"]
[Annotator "NA"]
[PlyCount "52"]
[EventDate "2019.07.02"]
[EventCountry "GRE"]
[SourceTitle "playchess.com"]
[Source "ChessBase"]
[SourceQuality "1"]
[TimeControl "5400+30"]

1. c4 {[%emt 0:00:00]} c5 {[%emt 0:00:00]} 2. g3 {[%emt 0:00:00]} Nc6 {[%emt 0:00:49]} 3. Bg2 {[%emt 0:00:00]} g6 {[%emt 0:00:27]} 4. Nc3 {[%emt 0:00:12]} Bg7 {[%emt 0:00:44]} 5. Nf3 {[%emt 0:00:30]} e6 {[%emt 0:02:02]} 6. O-O {[%emt 0:02:36]} Nge7 {[%emt 0:01:53]} 7. d3 {[%emt 0:04:09]} O-O {[%emt 0:02:46]} 8. Be3 {[%emt 0:03:41]} Nd4 {[%emt 0:06:01]} 9. Qd2 {[%emt 0:08:52]} Nef5 {[%emt 0:08:25]} 10. Rab1 {[%emt 0:06:29]} Nxe3 {[%emt 0:12:19]} 11. fxe3 {[%emt 0:00:24]} Nf5 {[%emt 0:02:02]} 12. d4 {[%emt 0:06:48]} Bh6 {[%emt 0:13:03]} 13. Nd1 {[%emt 0:13:45]} d5 {[%emt 0:06:21]} 14. cxd5 {[%emt 0:06:36]} exd5 {[%emt 0:01:19]} 15. Qd3 {[%emt 0:17:13]} Nxg3 {[%emt 0:08:52]} 16. hxg3 {[%emt 0:03:43]} Bf5 {[%emt 0:00:24]} 17. Qa3 {[%emt 0:04:59]} Bxb1 {[%emt 0:00:48]} 18. dxc5 {[%emt 0:00:50]} Re8 {[%emt 0:02:59]} 19. b4 {[%emt 0:03:16]} Bc2 {[%emt 0:02:50]} 20. Qc3 {[%emt 0:06:02]} Bxd1 {[%emt 0:07:25]} 21. Rxd1 {[%emt 0:00:09]} Rxe3 {[%emt 0:03:14]} 22. Qd4 {[%emt 0:01:21]} Rxe2 {[%emt 0:01:48]} 23. Qxd5 {[%emt 0:00:42]} Qe7 {[%emt 0:02:42]} 24. Qd3 {[%emt 0:04:37]} Re8 {[%emt 0:03:51]} 25. a4 {[%emt 0:02:07]} Qf6 {[%emt 0:01:35]} 26. Qb1 {[%emt 0:01:41]} Rxg2+ {[%emt 0:02:40]} 0-1

[Event "47th GRE-chT 2019"]
[Site "Patra"]
[Date "2019.07.03"]
[Round "3.28"]
[White "Alexiadis, Hristos"]
[Black "Karousos-Theodorakis, Nikolaos"]
[Result "1-0"]
[WhiteElo "2344"]
[BlackElo "2304"]
[Annotator "NA"]
[PlyCount "172"]
[EventDate "2019.07.02"]
[EventCountry "GRE"]
[SourceTitle "playchess.com"]
[Source "ChessBase"]
[SourceQuality "1"]
[TimeControl "5400+30"]

1. e4 {[%emt 0:00:00]} e5 {[%emt 0:00:00]} 2. Nf3 {[%emt 0:00:00]} Nc6 {[%emt 0:00:00]} 3. Bc4 {[%emt 0:00:00]} Nf6 {[%emt 0:00:49]} 4. d3 {[%emt 0:00:11]} h6 {[%emt 0:01:36]} 5. Nbd2 {[%emt 0:00:26]} d6 {[%emt 0:00:06]} 6. c3 {[%emt 0:00:10]} g6 {[%emt 0:00:52]} 7. Nf1 {[%emt 0:01:30]} Bg7 {[%emt 0:00:08]} 8. Ng3 {[%emt 0:02:50]} O-O {[%emt 0:01:03]} 9. h3 {[%emt 0:03:55]} Na5 {[%emt 0:00:09]} 10. Bb5 {[%emt 0:02:01]} a6 {[%emt 0:00:07]} 11. Ba4 {[%emt 0:00:22]} b5 {[%emt 0:00:07]} 12. Bc2 {[%emt 0:00:46]} c5 {[%emt 0:00:37]} 13. O-O {[%emt 0:06:13]} Bb7 {[%emt 0:00:32]} 14. Re1 {[%emt 0:02:04]} Re8 {[%emt 0:07:11]} 15. a3 {[%emt 0:22:04]} Rc8 {[%emt 0:03:01]} 16. b4 {[%emt 0:01:38]} Nc6 {[%emt 0:08:49]} 17. Bb3 {[%emt 0:05:00]} a5 {[%emt 0:17:58]} 18. bxc5 {[%emt 0:00:11]} a4 {[%emt 0:00:07]} 19. Ba2 {[%emt 0:00:56]} dxc5 {[%emt 0:00:42]} 20. Rb1 {[%emt 0:04:11]} Ba6 {[%emt 0:02:05]} 21. Nh4 {[%emt 0:19:23]} b4 {[%emt 0:00:05]} 22. axb4 {[%emt 0:01:14]} Bxd3 {[%emt 0:02:12]} 23. Rb2 {[%emt 0:02:56]} c4 {[%emt 0:02:00]} 24. Rd2 {[%emt 0:06:56]} Ne7 {[%emt 0:04:17]} 25. Qxa4 {[%emt 0:01:21]} Ra8 {[%emt 0:00:33]} 26. Qd1 {[%emt 0:00:31]} Qc7 {[%emt 0:00:43]} 27. Nf3 {[%emt 0:01:27]} Ra7 {[%emt 0:09:58]} 28. Rb2 {[%emt 0:02:16]} Rd8 {[%emt 0:00:06]} 29. Bd2 {[%emt 0:00:53]} Rda8 {[%emt 0:01:58]} 30. Bb1 {[%emt 0:00:05]} Ra1 {[%emt 0:02:12]} 31. Qc1 {[%emt 0:00:47]} Kh7 {[%emt 0:01:06]} 32. Re3 {[%emt 0:04:52]} Qd6 {[%emt 0:02:06]} 33. Kh2 {[%emt 0:02:13]} Nd7 {[%emt 0:03:39]} 34. Qg1 {[%emt 0:02:53]} Nb6 {[%emt 0:01:50]} 35. Re1 {[%emt 0:00:06]} Na4 {[%emt 0:00:49]} 36. Ra2 {[%emt 0:00:11]} Rxa2 {[%emt 0:00:05]} 37. Bxa2 {[%emt 0:00:37]} Nxc3 {[%emt 0:01:01]} 38. Bxc4 {[%emt 0:01:09]} Bxc4 {[%emt 0:01:48]} 39. Bxc3 {[%emt 0:00:48]} Nc6 {[%emt 0:00:00]} 40. Rd1 {[%emt 0:00:00]} Qe7 {[%emt 0:00:00]} 41. Qe1 {[%emt 0:00:00]} Rb8 {[%emt 0:00:00]} 42. Rb1 {[%emt 0:00:00]} Rb5 {[%emt 0:00:00]} 43. Qd2 {[%emt 0:00:00]} Bf8 {[%emt 0:00:00]} 44. Nf1 {[%emt 0:00:00]} Qd6 {[%emt 0:00:00]} 45. Qxd6 {[%emt 0:00:00]} Bxd6 {[%emt 0:00:00]} 46. Ne3 {[%emt 0:00:00]} Be6 {[%emt 0:00:00]} 47. Nc2 {[%emt 0:00:00]} f6 {[%emt 0:00:00]} 48. Nd2 {[%emt 0:00:00]} Rb7 {[%emt 0:00:00]} 49. Ra1 {[%emt 0:00:00]} Nd4 {[%emt 0:00:00]} 50. Ra6 {[%emt 0:01:40]} Rd7 {[%emt 0:00:00]} 51. Bxd4 {[%emt 0:00:06]} exd4+ {[%emt 0:00:00]} 52. g3 {[%emt 0:01:35]} d3 {[%emt 0:00:00]} 53. Nd4 {[%emt 0:01:29]} Bf7 {[%emt 0:00:00]} 54. Nc6 {[%emt 0:03:47]} Kg7 {[%emt 0:00:00]} 55. Kg2 {[%emt 0:01:37]} Rb7 {[%emt 0:00:00]} 56. Nd8 {[%emt 0:00:03]} Rd7 {[%emt 0:00:00]} 57. Nc6 {[%emt 0:00:05]} Rb7 {[%emt 0:00:00]} 58. Kf3 {[%emt 0:01:38]} Bxb4 {[%emt 0:00:00]} 59. Nxb4 {[%emt 0:00:03]} Rxb4 {[%emt 0:00:00]} 60. Ke3 {[%emt 0:00:54]} h5 {[%emt 0:00:00]} 61. Kxd3 {[%emt 0:00:42]} Rb7 {[%emt 0:00:00]} 62. Ke3 {[%emt 0:00:16]} Rc7 {[%emt 0:01:02]} 63. h4 {[%emt 0:00:10]} Rc3+ {[%emt 0:01:32]} 64. Kd4 {[%emt 0:00:04]} Rc2 {[%emt 0:00:08]} 65. Kd3 {[%emt 0:00:03]} Rc7 {[%emt 0:00:06]} 66. Rd6 {[%emt 0:00:34]} Ra7 {[%emt 0:00:09]} 67. Ke3 {[%emt 0:00:21]} Ra3+ {[%emt 0:02:47]} 68. Kf4 {[%emt 0:01:04]} Ra7 {[%emt 0:01:03]} 69. Nf3 {[%emt 0:00:14]} Ra2 {[%emt 0:00:07]} 70. Rd2 {[%emt 0:01:00]} Rxd2 {[%emt 0:00:05]} 71. Nxd2 {[%emt 0:00:07]} Be6 {[%emt 0:00:08]} 72. Nf3 {[%emt 0:00:46]} Bb3 {[%emt 0:00:23]} 73. Nd4 {[%emt 0:00:20]} Bc4 {[%emt 0:00:46]} 74. Nc6 {[%emt 0:00:29]} Ba2 {[%emt 0:01:06]} 75. e5 {[%emt 0:00:40]} fxe5+ {[%emt 0:00:05]} 76. Kxe5 {[%emt 0:00:12]} Kf7 {[%emt 0:00:15]} 77. Nd8+ {[%emt 0:00:21]} Ke7 {[%emt 0:00:06]} 78. Nb7 {[%emt 0:00:42]} Bb3 {[%emt 0:00:05]} 79. Nc5 {[%emt 0:00:15]} Ba2 {[%emt 0:00:03]} 80. Kf4 {[%emt 0:01:35]} Bb1 {[%emt 0:00:35]} 81. Kg5 {[%emt 0:00:39]} Kd6 {[%emt 0:00:10]} 82. Nb3 {[%emt 0:00:51]} Kd5 {[%emt 0:00:14]} 83. Nd2 {[%emt 0:00:27]} Bf5 {[%emt 0:01:23]} 84. Kf6 {[%emt 0:01:29]} Bc2 {[%emt 0:01:05]} 85. Nf3 {[%emt 0:00:23]} Ke4 {[%emt 0:00:18]} 86. Ne1 {[%emt 0:01:13]} Kd5 {[%emt 0:11:35]} 1-0

[Event "47th GRE-chT 2019"]
[Site "Patra"]
[Date "2019.07.03"]
[Round "3.29"]
[White "Damianou, Ioannis"]
[Black "Loukisas, Dimitrios"]
[Result "0-1"]
[WhiteElo "2154"]
[BlackElo "1898"]
[Annotator "NA"]
[PlyCount "68"]
[EventDate "2019.07.02"]
[EventCountry "GRE"]
[SourceTitle "playchess.com"]
[Source "ChessBase"]
[SourceQuality "1"]
[TimeControl "5400+30"]

1. c4 {[%emt 0:00:00]} Nf6 {[%emt 0:00:00]} 2. Nc3 {[%emt 0:00:00]} g6 {[%emt 0:00:00]} 3. e4 {[%emt 0:00:00]} e5 {[%emt 0:00:23]} 4. g3 {[%emt 0:01:56]} Bg7 {[%emt 0:00:23]} 5. Bg2 {[%emt 0:00:05]} O-O {[%emt 0:00:08]} 6. Nge2 {[%emt 0:00:08]} Nc6 {[%emt 0:00:23]} 7. O-O {[%emt 0:00:11]} d6 {[%emt 0:03:03]} 8. d3 {[%emt 0:00:08]} Be6 {[%emt 0:03:48]} 9. h3 {[%emt 0:03:29]} Qd7 {[%emt 0:03:20]} 10. Kh2 {[%emt 0:00:07]} Nh5 {[%emt 0:00:28]} 11. Be3 {[%emt 0:01:47]} f5 {[%emt 0:01:54]} 12. exf5 {[%emt 0:00:12]} gxf5 {[%emt 0:00:14]} 13. f4 {[%emt 0:00:45]} Bh6 {[%emt 0:07:06]} 14. Qd2 {[%emt 0:05:20]} Qg7 {[%emt 0:08:41]} 15. fxe5 {[%emt 0:07:23]} Bxe3 {[%emt 0:00:15]} 16. Qxe3 {[%emt 0:00:06]} dxe5 {[%emt 0:00:57]} 17. Nd5 {[%emt 0:03:28]} Kh8 {[%emt 0:05:00]} 18. Rg1 {[%emt 0:15:10]} Rae8 {[%emt 0:06:36]} 19. Qd2 {[%emt 0:09:52]} Bc8 {[%emt 0:01:09]} 20. Rad1 {[%emt 0:06:39]} Nd4 {[%emt 0:01:58]} 21. Bh1 {[%emt 0:00:09]} c6 {[%emt 0:01:24]} 22. Ndc3 {[%emt 0:01:30]} f4 {[%emt 0:09:33]} 23. gxf4 {[%emt 0:01:39]} Qd7 {[%emt 0:00:25]} 24. Qe3 {[%emt 0:05:00]} Nxf4 {[%emt 0:03:21]} 25. Rgf1 {[%emt 0:16:36]} Ndxe2 {[%emt 0:13:11]} 26. Nxe2 {[%emt 0:00:36]} Nxe2 {[%emt 0:01:44]} 27. Qxe2 {[%emt 0:03:25]} Qxh3+ {[%emt 0:01:04]} 28. Kg1 {[%emt 0:00:06]} Rg8+ {[%emt 0:01:27]} 29. Bg2 {[%emt 0:00:15]} Rxg2+ {[%emt 0:01:28]} 30. Qxg2 {[%emt 0:00:20]} Rg8 {[%emt 0:00:07]} 31. Rd2 {[%emt 0:04:05]} Rxg2+ {[%emt 0:02:12]} 32. Rxg2 {[%emt 0:00:30]} Bf5 33. Rd2 {[%emt 0:02:11]} Bc8 {[%emt 0:00:02]} 34. Rg2 {[%emt 0:00:00]} Bf5 {[%emt 0:01:34]} 0-1

[Event "47th GRE-chT 2019"]
[Site "Patra"]
[Date "2019.07.03"]
[Round "3.30"]
[White "Souchleris, Nikolaos"]
[Black "Christodoulakis, Michail"]
[Result "0-1"]
[WhiteElo "1204"]
[BlackElo "1224"]
[Annotator "NA"]
[PlyCount "104"]
[EventDate "2019.07.02"]
[EventCountry "GRE"]
[SourceTitle "playchess.com"]
[Source "ChessBase"]
[SourceQuality "1"]
[TimeControl "5400+30"]

1. e4 {[%emt 0:00:00]} e5 {[%emt 0:00:00]} 2. Nf3 {[%emt 0:00:00]} Nc6 {[%emt 0:00:00]} 3. d4 {[%emt 0:00:00]} exd4 {[%emt 0:00:00]} 4. Nxd4 {[%emt 0:00:00]} Nf6 {[%emt 0:00:00]} 5. Nxc6 {[%emt 0:00:00]} bxc6 {[%emt 0:00:00]} 6. e5 {[%emt 0:00:29]} Qe7 {[%emt 0:00:03]} 7. Qe2 {[%emt 0:00:07]} Nd5 {[%emt 0:00:13]} 8. c4 {[%emt 0:00:12]} Nb6 {[%emt 0:00:19]} 9. b3 {[%emt 0:13:56]} Qe6 {[%emt 0:10:10]} 10. f4 {[%emt 0:01:47]} g6 {[%emt 0:03:37]} 11. Qf3 {[%emt 0:03:59]} Bg7 {[%emt 0:04:17]} 12. Ba3 {[%emt 0:10:19]} Bb7 {[%emt 0:06:34]} 13. Qh3 {[%emt 0:00:55]} Qxh3 {[%emt 0:00:08]} 14. gxh3 {[%emt 0:05:00]} d6 {[%emt 0:00:28]} 15. Bb2 {[%emt 0:00:37]} Nd7 {[%emt 0:04:33]} 16. Nc3 {[%emt 0:00:24]} dxe5 {[%emt 0:00:20]} 17. fxe5 {[%emt 0:01:01]} Nxe5 {[%emt 0:02:44]} 18. O-O-O {[%emt 0:00:57]} O-O {[%emt 0:02:34]} 19. Bg2 {[%emt 0:02:05]} Rad8 {[%emt 0:06:01]} 20. Kb1 {[%emt 0:02:44]} Rfe8 {[%emt 0:15:14]} 21. Rhe1 {[%emt 0:01:51]} Rxd1+ {[%emt 0:00:12]} 22. Rxd1 {[%emt 0:01:42]} Bc8 {[%emt 0:04:01]} 23. Re1 {[%emt 0:01:10]} Bf5+ {[%emt 0:01:11]} 24. Ka1 {[%emt 0:00:48]} Rd8 {[%emt 0:18:19]} 25. Rd1 {[%emt 0:03:06]} Rxd1+ {[%emt 0:00:08]} 26. Nxd1 {[%emt 0:00:54]} c5 {[%emt 0:01:45]} 27. Ne3 {[%emt 0:01:35]} Be6 {[%emt 0:01:46]} 28. Nd5 {[%emt 0:00:51]} Bxd5 {[%emt 0:00:14]} 29. Bxd5 {[%emt 0:00:12]} Nd3 {[%emt 0:00:42]} 30. Bxg7 {[%emt 0:00:08]} Kxg7 {[%emt 0:00:40]} 31. Bc6 {[%emt 0:00:40]} Nf4 {[%emt 0:00:58]} 32. Bd7 {[%emt 0:00:19]} f5 {[%emt 0:00:25]} 33. h4 {[%emt 0:00:20]} Kh6 {[%emt 0:03:39]} 34. Kb2 {[%emt 0:00:14]} Ng2 {[%emt 0:01:57]} 35. Kc2 {[%emt 0:00:28]} Nxh4 {[%emt 0:00:19]} 36. Kd3 {[%emt 0:00:25]} Nf3 {[%emt 0:02:37]} 37. b4 {[%emt 0:00:13]} Ne5+ {[%emt 0:00:11]} 38. Ke3 {[%emt 0:00:06]} Nxd7 {[%emt 0:00:18]} 39. b5 {[%emt 0:00:09]} Ne5 {[%emt 0:00:00]} 40. b6 {[%emt 0:00:00]} cxb6 {[%emt 0:00:00]} 41. Kf2 {[%emt 0:00:00]} Nxc4 {[%emt 0:00:00]} 42. Kg3 {[%emt 0:00:00]} Nd6 {[%emt 0:00:00]} 43. Kf3 {[%emt 0:00:00]} c4 {[%emt 0:00:00]} 44. Ke2 {[%emt 0:00:00]} Kg5 {[%emt 0:00:00]} 45. Ke3 {[%emt 0:00:00]} f4+ {[%emt 0:00:00]} 46. Ke2 {[%emt 0:00:00]} c3 {[%emt 0:00:00]} 47. Kd1 {[%emt 0:00:00]} f3 {[%emt 0:00:00]} 48. Ke1 {[%emt 0:00:00]} c2 {[%emt 0:00:00]} 49. Kf2 {[%emt 0:00:00]} c1=Q {[%emt 0:00:00]} 50. Kg3 {[%emt 0:00:00]} Qf4+ {[%emt 0:00:00]} 51. Kf2 {[%emt 0:55:47]} Ne4+ {[%emt 0:00:00]} 52. Kg1 {[%emt 0:00:00]} Qc1# {[%emt 0:00:00]} 0-1

[Event "47th GRE-chT 2019"]
[Site "Patra"]
[Date "2019.07.03"]
[Round "3.31"]
[White "Saric, Ivan"]
[Black "Kelires, Andreas"]
[Result "1-0"]
[WhiteElo "2681"]
[BlackElo "2522"]
[Annotator "TA"]
[PlyCount "69"]
[EventDate "2019.07.02"]
[EventCountry "GRE"]
[SourceTitle "playchess.com"]
[Source "ChessBase"]
[SourceQuality "1"]

{[%evp 21,73,21,23,21,22,22,22,21,41,14,26,12,18,33,56,9,22,9,14,8,22,17,23,11,0,12,20,14,22,12,56,70,105,100,52,75,126,105,124,48,67,53,68,18,35,37,383,376,2045,2030,29995,29994,29994,29985]} 1. e4 e5 2. Nf3 Nc6 3. Bb5 a6 4. Ba4 Nf6 5. O-O Be7 6. Re1 b5 7. Bb3 d6 8. c3 O-O 9. h3 Nb8 10. d4 Nbd7 11. Nbd2 {[%cal Bb1d2,Bd2f1,Bf1g3][%mdl 32]} c5 12. Nf1 {C95: Closed Ruy Lopez: Breyer Variation with 10 d4} Re8 13. Ng3 Bf8 14. a4 {The position is equal.} (14. Bc2 cxd4 15. cxd4 exd4 16. Bf4 Bb7 17. Nxd4 g6 18. Qd2 Nc5 19. Bg5 Bg7 {½-½ (37) Karjakin,S (2760)-Kovalev,V (2664) Batumi 2018}) 14... Rb8 15. axb5 (15. Bc2 {feels hotter.} Bb7 16. d5 c4 17. Be3 g6 18. Qd2) 15... axb5 16. dxe5 dxe5 17. c4 {[#] cxb5 is the strong threat.} Qc7 $146 ({Predecessor:} 17... b4 18. Ba4 Qc7 19. Bg5 Re6 {½-½ (72) Dai,C (2464)-Tabatabaei,M (2587) Tianjin 2019}) 18. Nd2 Nb6 19. cxb5 Bd7 20. Nb1 c4 21. Bc2 Bxb5 22. Nc3 Bc6 23. Nf5 Nbd7 24. Qe2 Rb4 25. Rd1 Nc5 26. Bg5 Nfd7 27. Nd5 Bxd5 28. exd5 Nd3 ({Better is} 28... Qb8) 29. Bxd3 cxd3 30. Rxd3 (30. Qxd3 $16 Rxb2 31. d6) 30... e4 {[#] Hoping for ...Qe5.} 31. Rg3 $36 {[%mdl 2048] Threatens to win with Nxg7! White fights for an advantage.} g6 32. d6 Bxd6 33. Rc1 Bc5 $2 {[%mdl 8192]} (33... Qb8 $14 34. Nxd6 Qxd6) 34. Qd2 $18 Qb7 $2 {[#]} (34... Re5) 35. Nh6+ {Played: Rc1xc5} 1-0

[Event "47th GRE-chT 2019"]
[Site "Patra"]
[Date "2019.07.03"]
[Round "3.32"]
[White "Morozov, Nichita"]
[Black "Pavlidis, Antonios"]
[Result "1/2-1/2"]
[WhiteElo "2372"]
[BlackElo "2549"]
[Annotator "ChessBase"]
[PlyCount "101"]
[EventDate "2019.07.02"]
[EventCountry "GRE"]
[SourceTitle "playchess.com"]
[Source "ChessBase"]
[SourceQuality "1"]
[TimeControl "5400+30"]

1. d4 {[%emt 0:01:53]} Nf6 {[%emt 0:00:00]} 2. c4 {[%emt 0:00:10]} e6 {[%emt 0:00:00]} 3. Nc3 {[%emt 0:00:06]} Bb4 {[%emt 0:00:00]} 4. Qc2 {[%emt 0:00:12]} d6 {[%emt 0:03:25]} 5. Nf3 {[%emt 0:01:39]} O-O {[%emt 0:00:06]} 6. g3 {[%emt 0:02:41]} Nc6 {[%emt 0:06:08]} 7. Bg2 {[%emt 0:01:22]} e5 {[%emt 0:06:02]} 8. d5 {[%emt 0:02:02]} Ne7 {[%emt 0:00:50]} 9. O-O {[%emt 0:03:20]} a5 {[%emt 0:07:11]} 10. Bg5 {[%emt 0:05:01]} Bxc3 {[%emt 0:02:59]} 11. Bxf6 {[%emt 0:01:26]} Bb4 {[%emt 0:01:07]} 12. Ng5 {[%emt 0:00:05]} Bf5 {[%emt 0:07:19]} 13. Qxf5 {[%emt 0:00:05]} Nxf5 {[%emt 0:00:02]} 14. Bxd8 {[%emt 0:00:15]} Raxd8 {[%emt 0:00:04]} 15. Be4 {[%emt 0:00:08]} h6 {[%emt 0:02:48]} 16. Nh7 {[%emt 0:00:06]} Kxh7 {[%emt 0:00:04]} 17. Bxf5+ {[%emt 0:00:40]} g6 {[%emt 0:00:10]} 18. Bc2 {[%emt 0:00:25]} f5 {[%emt 0:04:26]} 19. f3 {[%emt 0:01:30]} Kg7 {[%emt 0:02:17]} 20. Kg2 {[%emt 0:00:11]} Bc5 {[%emt 0:02:12]} 21. Ba4 {[%emt 0:01:10]} h5 {[%emt 0:05:53]} 22. Rad1 {[%emt 0:00:49]} Bd4 {[%emt 0:03:50]} 23. Rd3 {[%emt 0:00:36]} h4 {[%emt 0:00:59]} 24. Rb3 {[%emt 0:04:36]} b6 {[%emt 0:10:58]} 25. e3 {[%emt 0:00:06]} Bc5 {[%emt 0:01:16]} 26. a3 {[%emt 0:04:22]} Rh8 {[%emt 0:06:47]} 27. Rb1 {[%emt 0:02:54]} Rh7 {[%emt 0:06:15]} 28. g4 {[%emt 0:02:32]} h3+ {[%emt 0:00:53]} 29. Kg3 {[%emt 0:00:17]} Bxe3 {[%emt 0:00:02]} 30. Rxe3 {[%emt 0:00:07]} f4+ {[%emt 0:00:01]} 31. Kf2 {[%emt 0:00:12]} fxe3+ {[%emt 0:00:01]} 32. Kxe3 {[%emt 0:05:50]} Kh6 {[%emt 0:02:07]} 33. Bc2 {[%emt 0:00:05]} Kg5 {[%emt 0:02:19]} 34. a4 {[%emt 0:03:35]} Rf8 {[%emt 0:01:13]} 35. Rg1 {[%emt 0:00:41]} Rf4 {[%emt 0:00:03]} 36. Be4 {[%emt 0:05:04]} Rh4 {[%emt 0:01:06]} 37. b3 {[%emt 0:01:34]} Rh7 {[%emt 0:00:19]} 38. Rg3 {[%emt 0:00:37]} Rh8 {[%emt 0:00:06]} 39. Rg1 {[%emt 0:09:04]} Rh7 {[%emt 0:00:00]} 40. Rg3 {[%emt 0:00:00]} Rf6 {[%emt 0:00:00]} 41. Rg1 {[%emt 0:00:00]} Rh8 {[%emt 0:00:00]} 42. Rg3 {[%emt 0:00:00]} Rf4 {[%emt 0:00:00]} 43. Rg1 {[%emt 0:00:00]} Rhf8 {[%emt 0:00:00]} 44. Rg3 {[%emt 0:00:00]} Rxe4+ {[%emt 0:00:00]} 45. Kxe4 {[%emt 0:00:00]} Rf4+ {[%emt 0:00:00]} 46. Ke3 {[%emt 0:00:00]} Kh4 {[%emt 0:00:00]} 47. g5 {[%emt 0:00:00]} Rd4 {[%emt 0:00:00]} 48. Rg1 {[%emt 0:00:00]} Rf4 {[%emt 0:00:00]} 49. Rg3 {[%emt 0:00:00]} Rd4 {[%emt 0:00:00]} 50. Rg1 {[%emt 0:00:00]} Rf4 {[%emt 0:00:00]} 51. Rg3 {[%emt 0:00:00]} 1/2-1/2